000 00360nam a2200157Ia 4500
008 221030s9999 xx 000 0 und d
020 _a9812549986
041 _aEnglish
082 _a105.23
100 _aG. Moss
245 0 _aCommunication Secrets
260 _bThomson Learning
_aSingapore
_c2004
300 _a184
650 _aMCA English
942 _cBK
999 _c2670
_d2670